BSOP header

Rhetorics and hermeneutics : (Record no. 36447)

MARC details
000 -LEADER
fixed length control field 01921cam a22002774a 4500
005 - DATE AND TIME OF LATEST TRANSACTION
control field 20141220150927.0
008 - FIXED-LENGTH DATA ELEMENTS--GENERAL INFORMATION
fixed length control field 031009s2004 nyua b 000 0 eng
020 ## - INTERNATIONAL STANDARD BOOK NUMBER
International Standard Book Number 0567025802
245 00 - TITLE STATEMENT
Title Rhetorics and hermeneutics :
Remainder of title Wilhelm Wuellner and his influence /
Statement of responsibility, etc edited by James D. Hester and J. David Hester (Amador).
260 ## - PUBLICATION, DISTRIBUTION, ETC. (IMPRINT)
Place of publication, distribution, etc New York :
Name of publisher, distributor, etc T & T Clark International,
Date of publication, distribution, etc c2004.
300 ## - PHYSICAL DESCRIPTION
Extent xiii, 247 p. :
Other physical details ill. ;
Dimensions 23 cm.
440 #0 - SERIES STATEMENT/ADDED ENTRY--TITLE
Title Emory studies in early Christianity
504 ## - BIBLIOGRAPHY, ETC. NOTE
Bibliography, etc Includes bibliographical references.
504 ## - BIBLIOGRAPHY, ETC. NOTE
Bibliography, etc "A bibliography of Wilhelm Wuellner's writings": p. [241]-247.
505 0# - FORMATTED CONTENTS NOTE
Formatted contents note The Wuellnerian sublime : rhetorics, power, and the ethics of commun(icat)ion / J. David Hester (Amador) -- Reconceiving a rhetoric of religion : a rhetorics of power and the power of the sublime / Wilhelm Wuellner -- Wilhelm Wuellner and the promise of rhetoric / Thomas H. Olbricht -- Where is Wuellner's anti-hermeneutical hermeneutic taking us? : from Schleiermacher to Thistleton and beyond / Vernon K. Robbins -- Applause and applause lines in the Gospel of Mark / Whitney Shiner -- Luke and the rhetorics of discipleship : the "L" parables as case study / Greg Carey -- Paul's periodic apologia / Jerry W. McCant -- The rhetoric of transcendence in the Book of Revelation / Lewis Leroy (Lee) Synder -- John Chrysostom as modern rhetorican / Lauri Thurn.
600 10 - SUBJECT ADDED ENTRY--PERSONAL NAME
Personal name Wuellner, Wilhelm H.,
Dates associated with a name 1927-
600 10 - SUBJECT ADDED ENTRY--PERSONAL NAME
Personal name Wuellner, Wilhelm H.,
Dates associated with a name 1927-
Form subdivision Bibliography.
630 00 - SUBJECT ADDED ENTRY--UNIFORM TITLE
Uniform title Bible.
Name of part/section of a work N.T.
General subdivision Criticism, interpretation, etc.
650 #0 - SUBJECT ADDED ENTRY--TOPICAL TERM
Topical term or geographic name as entry element Rhetoric in the Bible.
650 #0 - SUBJECT ADDED ENTRY--TOPICAL TERM
Topical term or geographic name as entry element Rhetorical criticism.
700 1# - ADDED ENTRY--PERSONAL NAME
Personal name Hester, James D.
700 1# - ADDED ENTRY--PERSONAL NAME
Personal name Hester, J. David.
856 41 - ELECTRONIC LOCATION AND ACCESS
Materials specified Table of contents
Uniform Resource Identifier http://www.loc.gov/catdir/toc/ecip0410/2003022368.html
856 42 - ELECTRONIC LOCATION AND ACCESS
Materials specified Contributor biographical information
Uniform Resource Identifier http://www.loc.gov/catdir/enhancements/fy1115/2003022368-b.html
942 ## - ADDED ENTRY ELEMENTS (KOHA)
Source of classification or shelving scheme Library of Congress Classification
Item type Books
Koha issues (borrowed), all copies 1
Holdings
Withdrawn status Lost status Source of classification or shelving scheme Damaged status Not for loan Home library Current library Shelving location Date acquired Source of acquisition Cost, normal purchase price Accession number Total Checkouts Full call number Barcode Date last seen Date last borrowed Price effective from Koha item type
    Library of Congress Classification     BSOP Library BSOP Library General Circulation 11/11/2011 Theological Book Network 400.00 35819 1 BS2361.3 R34 2004 00042519 02/17/2016 12/20/2014 04/25/2013 Books
BSOP

Biblical Seminary of the Philippines
  All rights Reserved
  © 2024

CONTACT INFORMATION

Biblical Seminary of the Philippines,
  77-B Karuhatan Road, Valenzuela City,
  PHILIPPINES 1441
  Phone: +632 8292-6795 / 8292-6798
  Fax : +632 8292-6675
  Email: library@bsop.edu.ph